Φορτώνει......

Namibia: challenge to the United Nations /

Λεπτομέρειες βιβλιογραφικής εγγραφής
Κύριος συγγραφέας: Saxena, Suresh Chandra
Μορφή: Printed Book
Γλώσσα:English
Έκδοση: Delhi : Palit & Palit, 1978.
LEADER 00478nam a2200133Ia 4500
008 150624b xxu||||| |||| 00| 0 eng d
082 |a 968.8 
100 |a Saxena, Suresh Chandra 
245 |a Namibia:  |b challenge to the United Nations /  |c Suresh Chandra Saxena 
260 |a Delhi :  |b Palit & Palit,  |c 1978. 
300 |a 316 p. 
942 |c BK 
999 |c 31238  |d 31238 
952 |0 0  |1 0  |4 0  |6 968_800000000000000_SAX_N  |7 0  |9 31237  |a UL  |b UL  |c ST2  |d 1998-09-24  |l 0  |o 968.8 SAX/N  |p 42867  |r 2012-10-27  |w 2012-10-27  |y BK